Diseño de un sistema de agua potable por gravedad para la comunidad de Rio Grande, municipio de San Rafael del Norte, Jinotega

Este documento refiere al diseño de un sistema de agua potable por gravedad para abastecer la demanda del abastecimiento del vital líquido en la comunidad de Rio Grande, municipio de San Rafael del norte, Jinotega, constata a través de un estudio exhaustivo el abastecimiento de agua en relación...

Full description

Bibliographic Details
Main Authors: Martínez Rugama, Fabiola Rene, Gómez Martínez, Larry Bleymir
Other Authors: Tutor: Sierra Mercado, Jimmy
Format: Tesis Section = Libro
Language:Undetermined
Spanish
Published: Managua UNI/RUACS 2018
Subjects:
LEADER 01671nam a2200265Ia 4500
008 240830s9999 xx 000 0 und d
040 |a BIBLIOTECA-RUPAP Mon 628.72 M385 
041 |a spa 
082 |a Mon 628.72 M385 
100 1 |a Martínez Rugama, Fabiola Rene 
100 1 |b  Gómez Martínez, Larry Bleymir 
245 1 0 |a Diseño de un sistema de agua potable por gravedad para la comunidad de Rio Grande, municipio de San Rafael del Norte, Jinotega 
260 |a Managua  |b UNI/RUACS  |c 2018 
300 |a 116 p.:il. 
500 |a Contiene: anexos y CD. 
502 |a Tesis (Ingeniero Civil)- UNI, 2018. 
520 3 |a Este documento refiere al diseño de un sistema de agua potable por gravedad para abastecer la demanda del abastecimiento del vital líquido en la comunidad de Rio Grande, municipio de San Rafael del norte, Jinotega, constata a través de un estudio exhaustivo el abastecimiento de agua en relación a la densidad poblacional actual, realiza un análisis físico-químico y microbiológico mediante pruebas de laboratorio para la determinación de la calidad del agua de la fuente disponible, efectúa un levantamiento topográfico mediante visitas al lugar para la obtención de las alturas dl terreno de la comunidad, ejecuta el diseño hidráulico de la línea de conducción y red de distribución a través del programa computarizado EPANET. 
650 7 |a AGUA POTABLE 
650 7 |b SISTEMA DE AGUA POTABLE-DISEÑO 
650 7 |c ABASTECIMIENTO DE AGUA POTABLE 
650 7 |d SUMINISTRO DE AGUA-SAN RAFAEL DEL NORTE - JINOTEGA 
700 1 |a Tutor:  |b Sierra Mercado, Jimmy 
942 |c BK  |2 ddc 
991 |a TESIS 
999 |c 16532